Environment for growth in Central America: enviromental management for sustainability and competitiveness /

Enregistré dans:
Détails bibliographiques
Autres auteurs: Panayotou, Theodore (Éditeur intellectuel)
Format: Inconnue
Langue:English
Publié: Estados Unidos de América : John F. Kennedy School of Government
Collection:Harvard Studies in International Development
Tags: Ajouter un tag
Pas de tags, Soyez le premier à ajouter un tag!

MARC

LEADER 00000 a2200000 04500
001 49267
003 cru CIDCACS/IIS
005 20190430105925.0
008 050623s2001 -us eng d
999 |c 9886  |d 9886 
020 |a 0-674-00358-6  
040 |c cru CIDCACS/IIS 
090 |a 16.01.01 P187e 
100 |a Panayotou, Theodore,   |e editor  
245 |a Environment for growth in Central America:   |b enviromental management for sustainability and competitiveness /  |c edited by Theodore Panayotou  
260 |a Estados Unidos de América :   |b John F. Kennedy School of Government  
300 |a 585 páginas :   |b tablas, gráficos  
440 |a Harvard Studies in International Development  
942 |2 ddc  |c LI